000 00216nam a22000857a 4500
008 161227b xxu||||| |||| 00| 0 eng d
100 _92195
_aGupta.S.P
245 _aWork Book SSTGeography-8
260 _aNew Delhi
_bAPC
_c2011
999 _c5083
_d5083